000
00268 a2200097 4500
001
33826
100
_a
Chiragh, Muhammad Ali
245
_a
Pakistan: Tarikh, Jamhoriyat, Siysat, Aayin 1947-1990 [Urdu]
260
_a
Lahore
_b
Sange Meel Pub
_c
2004
090
_c
22480
_d
22480
942
_a
NUST-CAE
_c
M
_c
13870
999
_c
268899
_d
268899